|
|
|
|
| LEADER |
01518nam a2200421 a 4500 |
| 001 |
nkc20081849811 |
| 003 |
CZ PrNK |
| 005 |
20141103102759.0 |
| 007 |
ta |
| 008 |
090102s2008 xr a e p 001 0 cze |
| 015 |
|
|
|a cnb001849811
|
| 020 |
|
|
|a 978-80-7335-137-3
|q (brož.)
|
| 035 |
|
|
|a (OCoLC)316680687
|
| 040 |
|
|
|a OLA001
|b cze
|d BOA001
|
| 041 |
0 |
|
|a cze
|a por
|
| 072 |
|
7 |
|a 811.134
|x Iberorománské jazyky
|2 Konspekt
|9 11
|
| 072 |
|
7 |
|a 37.016
|x Učební osnovy. Vyučovací předměty. Učebnice
|2 Konspekt
|9 22
|
| 080 |
|
|
|a 811.134.3
|2 MRF
|
| 080 |
|
|
|a (075)
|2 MRF
|
| 100 |
1 |
|
|a Jindrová, Jaroslava,
|d 1955-
|7 jo20000082910
|4 aut
|
| 245 |
1 |
0 |
|a Portugalština /
|c Jaroslava Jindrová, Ludmila Mlýnková, Eva Schalková
|
| 250 |
|
|
|a 2. vyd.
|
| 260 |
|
|
|a Voznice :
|b Leda,
|c 2008
|
| 300 |
|
|
|a 509 s. :
|b il. ;
|c 21 cm +
|e 2 CD
|
| 500 |
|
|
|a Rozložená tit. s.
|
| 500 |
|
|
|a Obsahuje rejstřík
|
| 650 |
0 |
7 |
|a portugalština
|7 ph124382
|2 czenas
|
| 650 |
0 |
9 |
|a Portuguese language
|2 eczenas
|
| 655 |
|
7 |
|a učebnice
|7 fd133770
|2 czenas
|
| 655 |
|
9 |
|a textbooks
|2 eczenas
|
| 700 |
1 |
|
|a Mlýnková, Ludmila,
|d 1960-
|7 xx0003415
|4 aut
|
| 700 |
1 |
|
|a Schalková, Eva,
|d 1947-
|7 xx0003416
|4 aut
|
| 856 |
4 |
1 |
|u http://www.digitalniknihovna.cz/mzk/uuid/uuid:389eb240-ab73-11e3-b833-005056827e52
|y Digitalizovaný dokument
|x NDK
|
| 910 |
2 |
|
|a BOA001
|b 2-1216.114
|
| 990 |
|
|
|a BK
|
| 995 |
|
|
|a 01
|
| 991 |
|
|
|b 200901
|c NOV
|
| 996 |
6 |
|
|b 2610364358
|c 2-1216.114
|l MZK
|r Sklad / do 1 hodiny
|n 18
|p p.v.
|w 000926091
|u 000010
|a 1
|e BOA001
|j MZK50
|s P
|